America in the Answers - Statistics

General Stats
  • This quiz has been taken 74,578 times
    7,789 since last reset
  • The average score is 12 of 20
Answer Stats
Clue Answer % Correct
Alter ego of Steve Rogers Captain America
94%
For big spenders, they offer the Black Card American Express
84%
Area between Mexico and Colombia Central America
83%
"Drove my Chevy to the levee / but the levee was dry" American Pie
82%
Animal commonly known as a buffalo American bison
79%
Where Kelly Clarkson got her start American Idol
78%
Pre-Columbian inhabitant Native American
77%
2.5 kids and a white picket fence The American Dream
75%
Minneapolis shopping destination Mall of America
73%
The parts of the New World that speak a Romance language Latin America
65%
Teen clothing brand touted by Sydney Sweeney American Eagle
62%
Movie in which Eddie Murphy plays a spoiled African prince Coming to America
58%
Half of Major League Baseball American League
53%
Once the world's largest airline, it went bankrupt in 1991 Pan-American
49%
Grant Wood painting featuring two farmers and a pitchfork American Gothic
48%
Yachting race series America's Cup
47%
"For amber waves of grain" America the Beautiful
41%
Where Pago Pago is located American Samoa
39%
"Egyptian" horse which won the Triple Crown in 2015 American Pharoah
20%
Tree nearly wiped out by a blight introduced from Japan in 1904 American chestnut
13%
No matching quizzes found
Score Distribution
Percent of People with Each Score
Percentile by Number Answered
Your Score History
You have not taken this quiz since the last reset